Statistics for The 1975 - Heart Out Lyrics

Click here to take the quiz!

General Stats

  • This quiz has been taken 11 times
  • The average score is 199 of 231

Answer Stats

Answer% Correct
a
100%
And
100%
and
100%
are
100%
found
100%
I
100%
Much
100%
No
100%
no
100%
now
100%
remember
100%
than
100%
we
100%
We're
100%
when
100%
with
100%
you
100%
You
100%
younger
100%
your
100%
Your
100%
always
83%
brown
83%
call
83%
Cause
83%
created
83%
don't
83%
figure
83%
for
83%
forgot
83%
friends
83%
got
83%
have
83%
having
83%
head?
83%
heart
83%
(Heart
83%
heart)
83%
how
83%
in
83%
Instead
83%
it
83%
"It's
83%
It's
83%
just
83%
like
83%
living
83%
loud
83%
matter
83%
mouth
83%
my
83%
nice
83%
obsession
83%
of
83%
out
83%
out?
83%
rocks
83%
round
83%
round"
83%
Rushing
83%
said
83%
same
83%
say?
83%
She
83%
small
83%
something
83%
sound
83%
speak
83%
take
83%
television
83%
that
83%
the
83%
to
83%
tonight
83%
town
83%
watching
83%
what
83%
Why
83%
at
67%
beat's
67%
chest
67%
fucking
67%
God
67%
hair
67%
health
67%
lack
67%
Look
67%
love
67%
low
67%
mental
67%
on
67%
Push
67%
reflection
67%
Running
67%
started
67%
This
67%
town's
67%
two
67%
way
67%
whole
67%
yourself
67%
know
50%
made
50%
once
50%

Score Distribution

Percentile by Number Answered

Percent of People with Each Score

Your Score History

You have not taken this quiz